Marketing fundamentals: text and cases

Saved in:
Bibliographic Details
Main Authors: Lipson, Harry Aaron (autor), Darling, John R (Author)
Format: Book
Language:English
Published: Huntington Robert E. Krieger Publishing 1974
Subjects:
Tags: Add Tag
No Tags, Be the first to tag this record!

MARC

LEADER 00000nam a2200000 a 4500
001 UCW2753
003 CL-VaPUC
008 890925e19740000US |||||||||||||||||eng|d
082 0 4 |a 658.8  |b LIP  |2 21 
100 |a Lipson, Harry Aaron  |e autor  |9 307033 
700 0 |a Darling, John R  |e author  |9 307034 
245 1 0 |a Marketing fundamentals: text and cases 
300 |a 576 p 
942 |c BK 
945 |d 19890925 00:00:00 
260 |a Huntington  |b Robert E. Krieger Publishing  |c 1974 
650 0 |a Comercialización   |9 259326 
650 0 |a Estudio de casos   |9 257099 
583 |a last modification  |c 20120531 12:26:42  |k Rodrigo Vera 
999 |c 217211  |d 217209 
952 |0 0  |1 0  |4 0  |6 658_800000000000000_LIP_1974  |7 0  |8 A  |9 204178  |a BIBGIM  |b BIBGIM  |d 2019-11-15  |i 2713969  |o 658.8 LIP 1974  |p 2713969  |r 2025-01-15  |w 2019-11-15  |y BK  |k COM